000 01774nam0a2200373 4500
001 RU\NLR\bibl\1053402
005 20260405125152.0
010 _a5-328-00108-7
_950
021 _aRU
_b2007-931
_940
035 _a(nilc)RSL-KNO-003023903
035 _a(NLR Aleph) 001040702
090 _a816746
_c816746
100 _a20070202d2006 |||y0rusy50 ca
101 0 _arus
102 _aRU
105 _aa |||||||||
106 _ar
200 1 _aОбщие правила выполнения схем
_eучебное пособие для студентов технических специальностей вузов региона
_fЛ. К. Сафронова
_gКамчатский гос. технический ун-т, Каф. теоретической механики
210 _aПетропавловск-Камчатский
_cИзд-во КамчатГТУ
_d2006
215 _a112, [1] с.
_cил., табл.
_d20
320 _aБиблиогр. в конце кн.
606 1 _aИнженерная графика
_jУчебные издания для высших учебных заведений
_91251438
_3RU\NLR\auth\66512338
610 0 _aТехника и технические науки (в целом) -- Черчение -- Вычерчивание схем, графиков, диаграмм -- Учебник для высшей школы
686 _aЖ117я73-1
_2rubbk
686 _aЖ11я73-1
700 1 _4070
_7ca
_8rus
_aСафронова
_bЛ. К.
_gЛюдмила Константиновна
_933449
_3RU\NLR\auth\7750515
801 0 _aRU
_bРКП
_c20070202
801 1 _aRU
_bРГБ
_c20070202
801 2 _aRU
_bNLR
_c20070302
_grcr
830 _aпо кн
942 _cBOOK
980 _aNB
980 _aNBR